00462nam a2200181Ia 4500003000500000008004100005020001800046040001900064082000700083100002000090100004700110245004400157250000600201260004400207300000900251365000800260546001200268STCL221019s9999 xx 000 0 und d a9789325956193 aSTCLcSTCLbEN 222 aMaheshwari, S N aSuneel, K Maheshwari; Sharad, K Maheshwari 2aA textbook of accounting for management a3 bVikas Publishing HouseaNew Delhic2012 axiii b465 aEnglish